000
00344nam a2200145Ia 4500
008
230718s9999 xx 000 0 und d
041
_a
Eng.
082
_a
309.83
_b
RUS-H
100
_a
Russell, Bertrand
245
0
_a
History of cuestern phitary
260
_a
Pakistan
_b
Clarendon Press
_c
1896
300
_a
836
650
_a
Law
999
_c
26255
_d
26255